000 00879nam a2200241 a 4500
001 22799
003 CO-ViMGA
008 141112s2004 ck r 000 u spa d
020 _a9587110269
040 _aCO-ViMGA
_bspa
_cCO-ViMGA
082 0 4 _a345.06 V481l
100 1 _aVivas Botero, Alvaro
_932589
245 1 0 _aEl lugar de los hechos :
_bReferencia al sistema penal acusatorio
260 _aColombia :
_bLeyer
300 _a367p.
505 _aEl lugar de los hechos y disciplinas afines, El lugar de los hechos, utilidad y circunstancia, Precauciones iniciales, Fijacion del lugar de los hechos, Cadena de custodia criminalistica, Traslado a la morgue
650 1 4 _aCRIMINOLIGA
_932590
650 1 4 _aDELITOS
_93324
650 1 4 _aEVIDENCIA (DERECHO)
_932591
650 1 4 _aInvestigación CRIMINAL
_924097
650 1 4 _aPRUEBA (DERECHO)
_932592
942 _2ddc
_cBK
999 _c31096
_d31096